书目信息 |
| 题名: |
知识经济干部读本
|
|
| 作者: | 齐瑞锁 主编 | |
| 分册: | ||
| 出版信息: | 石家庄 河北人民出版社 1999 |
|
| 页数: | 248页 | |
| 开本: | 20cm | |
| 丛书名: | ||
| 单 册: | ||
| 中图分类: | F062.3 | |
| 科图分类: | ||
| 主题词: | 经济学--分支科学 | |
| 电子资源: | ||
| ISBN: | 7-202-02490-X | |
| 000 | 00557nam0 2200193 450 | |
| 001 | 0752616949 | |
| 005 | 20070726093645.12 | |
| 010 | @a7-202-02490-X@dCNY12.00 | |
| 100 | @a20070720d1999 km y0chiy0120 ea | |
| 101 | 0 | @achi |
| 102 | @aCN@b130000 | |
| 200 | 1 | @a知识经济干部读本@Azhi shi jing ji gan bu du ben@f齐瑞锁主编@Fqi rui suo zhu bian |
| 210 | @a石家庄@c河北人民出版社@d1999 | |
| 215 | @a248页@d20cm | |
| 606 | 0 | @a经济学@x分支科学 |
| 690 | @aF062.3@v3 | |
| 701 | 0 | @a齐瑞锁@Aqi rui suo@4主编 |
| 801 | 0 | @aCN@bPFT@c20070726 |
| 905 | @a10447@dF062.3@e83 | |
| 知识经济干部读本/齐瑞锁主编.-石家庄:河北人民出版社,1999 |
| 248页;20cm |
| ISBN 7-202-02490-X:CNY12.00 |
| ● |
| 相关链接 |
|
|
|
|
正题名:知识经济干部读本
索取号:F062.3/83
 
预约/预借
| 序号 | 登录号 | 条形码 | 馆藏地/架位号 | 状态 | 备注 |
| 1 | 0769479 | 207694798 | 第一样本阅览室/ [索取号:F062.3/83] | 在馆 |